Afrikaans Loanwords - Statistics

General Stats
  • This quiz has been taken 24 times
  • The average score is 8 of 17
Answer Stats
Hint Word % Correct
Segregation in South Africa during the 20th century Apartheid
100%
Dutch who settled in South Africa Boer
86%
South African currency Rand
77%
Earth pig, what Arthur is Aardvark
73%
Antelope that is the national animal of South Africa Springbok
68%
Small mongoose, what Timone is Meerkat
64%
Antelope with bear and mane, also called a gnu Wildebeest
64%
Dried, cured, red meat similar to jerky Biltong
55%
Bush used in making tea Rooibos
45%
Traveling or backpacking, Star ___ Trek
45%
Type of grassland Veld
41%
Largest species of antelope Eland
36%
Bright green, venomous snake Boomslang
27%
Collection of vehicles in a circle Laager
5%
Ring-necked spitting cobra Rinkhals
5%
Heavy leather whip formerly used a disciplinary tool Sjambok
5%
Warm, dry wind that blows from the coast {Berg}wind
0%
No matching quizzes found
Score Distribution
Percent of People with Each Score
Percentile by Number Answered
Your Score History
You have not taken this quiz